ঢ়
ক্ষ
ড়
ঢ়
য়
র-ফলা‌‌‌
 
 
য-ফলা
ি
 
 
রেফ
 
 
 
যুক্ত করুন/হসন্ত
Space
Enter

Alvar Aalto / (Record no. 2596)

000 -LEADER
fixed length control field 00816nam a2200253 a 4500
001 - CONTROL NUMBER
control field 7138
003 - CONTROL NUMBER IDENTIFIER
control field BD-DhUAP
005 - DATE AND TIME OF LATEST TRANSACTION
control field 20200226122632.0
008 - FIXED-LENGTH DATA ELEMENTS--GENERAL INFORMATION
fixed length control field 100614r20021995enka b 001 0 eng d
010 ## - LIBRARY OF CONGRESS CONTROL NUMBER
LC control number 95212064
020 ## - INTERNATIONAL STANDARD BOOK NUMBER
International Standard Book Number 0714837105
040 ## - CATALOGING SOURCE
Original cataloging agency BD-DhUAP
Language of cataloging Eng
Transcribing agency BD-DhUAP
Modifying agency BD-DhUAP
082 04 - DEWEY DECIMAL CLASSIFICATION NUMBER
Classification number 720.92 WES
Edition number 23
100 1# - MAIN ENTRY--PERSONAL NAME
Personal name Weston, Richard.
245 10 - TITLE STATEMENT
Title Alvar Aalto /
Statement of responsibility, etc. Richard Weston.
260 ## - PUBLICATION, DISTRIBUTION, ETC.
Place of publication, distribution, etc. London :
Name of publisher, distributor, etc. Phaidon Press,
Date of publication, distribution, etc. 1995 [reprinted 2002].
300 ## - PHYSICAL DESCRIPTION
Extent 240 pages :
Other physical details illustrations ;
Dimensions 30 cm.
504 ## - BIBLIOGRAPHY, ETC. NOTE
Bibliography, etc. note Includes bibliographical references (p. 240) and index.
600 10 - SUBJECT ADDED ENTRY--PERSONAL NAME
Personal name Aalto, Alvar.
Dates associated with a name 1898-1976
General subdivision Criticism and interpretation.
650 #0 - SUBJECT ADDED ENTRY--TOPICAL TERM
Topical term or geographic name entry element Architecture
Geographic subdivision Finland
General subdivision History
Chronological subdivision 20th century.
942 ## - ADDED ENTRY ELEMENTS (KOHA)
Source of classification or shelving scheme
Koha item type Book
Holdings
Withdrawn status Lost status Source of classification or shelving scheme Damaged status Not for loan Permanent Location Current Location Shelving location Date acquired Full call number Barcode Date last seen Copy number Price effective from Koha item type
          UAP Central Library UAP Central Library General Stacks 2020-02-26 720.92 WES 3010007138 2020-02-26 1 2020-02-26 Book

All rights reserved © UAP Central Library,
University of Asia Pacific.